<?xml version="1.0" encoding="UTF-8"?><?xml-stylesheet type="text/xsl" href="static/style.xsl"?><OAI-PMH xmlns="http://www.openarchives.org/OAI/2.0/" xmlns:xsi="http://www.w3.org/2001/XMLSchema-instance" xsi:schemaLocation="http://www.openarchives.org/OAI/2.0/ http://www.openarchives.org/OAI/2.0/OAI-PMH.xsd"><responseDate>2026-06-29T01:40:15Z</responseDate><request verb="GetRecord" identifier="oai:docta.ucm.es:20.500.14352/66580" metadataPrefix="marc">https://docta.ucm.es/rest/oai/request</request><GetRecord><record><header><identifier>oai:docta.ucm.es:20.500.14352/66580</identifier><datestamp>2023-09-06T21:20:09Z</datestamp><setSpec>com_20.500.14352_1</setSpec><setSpec>col_20.500.14352_8</setSpec></header><metadata><record xmlns="http://www.loc.gov/MARC21/slim" xmlns:dcterms="http://purl.org/dc/terms/" xmlns:xsi="http://www.w3.org/2001/XMLSchema-instance" xmlns:doc="http://www.lyncode.com/xoai" xsi:schemaLocation="http://www.loc.gov/MARC21/slim http://www.loc.gov/standards/marcxml/schema/MARC21slim.xsd">
   <leader>00925njm 22002777a 4500</leader>
   <datafield ind2=" " ind1=" " tag="042">
      <subfield code="a">dc</subfield>
   </datafield>
   <datafield ind2=" " ind1=" " tag="720">
      <subfield code="a">Solanes Casado, Sonia</subfield>
      <subfield code="e">author</subfield>
   </datafield>
   <datafield ind2=" " ind1=" " tag="260">
      <subfield code="c">2016-06</subfield>
   </datafield>
   <datafield ind2=" " ind1=" " tag="520">
      <subfield code="a">El tecnecio es un elemento químico cuyo radioisótopo 99mTc se utiliza para el diagnóstico de enfermedades en Medicina Nuclear. Se obtiene a partir de un generador de Molibdeno 99Mo99mTc, que es su radionucleido padre. El resultado es una elución salina de Pertecnetato de sodio estéril y apirógena. Es utilizado en forma de Pertecnetato de sodio directamente inyectado para el diagnóstico de alteraciones en glándulas como tiroides o glándulas salivares, para detectar defectos en la permeabilidad de los vasos, y para diagnosticar patologías más específicas mediante el marcaje de moléculas con 99mTc como alteraciones cardiacas, renales, hepáticas, óseas, alteraciones del movimiento y digestivas (radiofármacos de primera, segunda y tercera generación).</subfield>
   </datafield>
   <datafield ind1="8" ind2=" " tag="024">
      <subfield code="a">https://hdl.handle.net/20.500.14352/66580</subfield>
   </datafield>
   <datafield ind2="0" ind1="0" tag="245">
      <subfield code="a">Tecnecio 99m: radiofármaco de diagnóstico utilizado en la actualidad.</subfield>
   </datafield>
</record></metadata></record></GetRecord></OAI-PMH>